Responses for show #7831 - Monday, October 1, 2018

Contestants

[<< previous game]

Doug Dodson, a classical singer from Boston, Massachusetts

Carl Conway, a chef educator from Indianapolis, Indiana

Andrew Knudsen, an environmental lawyer from Washington, D.C. (whose 1-day cash winnings total $19,601)

[next game >>]

Jeopardy! Round responses

GETTING SPECIFIC AT GENERAL HOSPITAL
PRESIDENTS' MIDDLE NAMES
POP CULTURE POPS
COMPLETE THE NANCY DREW BOOK TITLE
ON THE FAST FOOD MENU
NEWSY PUNS
    $200 12
infected (or contaminated)

Doug
    $200 5
John F. Kennedy

Andrew
    $200 8
Liam Neeson

Carl
    $200 26
a ghost

Doug
    $200 16
Taco Bell

Andrew
    $200 1
Korea

Andrew
    $400 13
bloodletting

Andrew
    $400 6
William Howard Taft

Triple Stumper
    $400 14
George Michael

Carl
    $400 27
bagpipes

Andrew
    $400 18
Burger King

Doug
    $400 2
Notre Dame

Andrew
    $0 23
(Doug: What is fraternal?)
[Doug's response was ruled incorrect. Before Double Jeopardy!, the $2,000 he wagered and lost was restored because the clue was "not phrased as precisely as we should have", though Doug's response was not ruled correct.]

identical

Doug
    $600 9
Chester A. Arthur

Doug
    $600 15
Arrested Development

Doug
    $600 28
diary

Carl
    $600 19
Domino's

Andrew
    $600 3
"Cheney's Got a Gun"

Triple Stumper
    $800 24
fungi

Doug
    $800 10
(James Knox) Polk

Carl
    $800 17
Tupac

Doug
    $800 29
a sapphire

Carl
    $800 20
Wendy's

Carl
    $800 4
(Doug: What is a traffic [*]? ...What is a [*]?)
(Alex: That's it, we'll accept it.)

jam

Doug
    $1000 25
(Alex: And I wanna thank the cast members of General Hospital. They looked like they were having fun, and they provided us with a great deal of fun with that category. Doug, go again. Less than a minute now.)

gangrene

Doug
    $1000 11
Herbert Clark Hoover

Triple Stumper
    $1000 22
Vince Vaughn

Triple Stumper
    $1000 30
The Secret of the Old Clock

Triple Stumper
    $1000 21
(Alex: You guys know your fast foods.)
(Doug: You can't tell, either.)
(Carl: Watch it.)
[Laughter]

Subway

Doug
    $1000 7
a joint committee

Andrew

Scores at the first commercial break (after clue 15):

Andrew Carl Doug
$2,200 $1,400 $2,200

Scores at the end of the Jeopardy! Round:

Andrew Carl Doug
$3,400 $3,600 $6,400

Double Jeopardy! Round responses

AROUND THE CARIBBEAN
NO FILTER
AUTOBIOGRAPHIES
COUNTRY, HIP-HOP & JAZZ
STARS & CONSTELLATIONS
"T.T."
    $400 6
(Andrew: What is Antigua?)

Aruba

AndrewDoug
    $400 15
a cigarette

Andrew
    $400 21
Buffalo Bill

Andrew
    $400 26
Louis Armstrong

Andrew
    $400 9
Orion

Andrew
    $400 1
time travelers

Andrew
    $800 5
Cuba

Carl
    $800 17
Alabama

Doug
    $800 22
Angela's Ashes

Carl
    $800 27
low places

Carl
    $800 11
Ursa Minor

Doug
    $800 2
Texas Toast

Carl
    $1200 7
Jamaica

Doug
    $1200 18
spam

Andrew
    $3,000 23
(Alex: [After Carl selects the clue] Less than a minute now.)

Phil Knight

Carl
    $2,000 12
the Southern Cross

Doug
    $1200 3
table tennis

Doug
    $1600 8
(Doug: Oh... what is Balboa?)

Colón

Doug
Triple Stumper
    $1600 19
coal

Doug
    $1600 24
Bossypants

Doug
    $1600 13
(Andrew: What is Scorpio?)

Cancer

AndrewCarl
    $1600 10
tree trunks

Doug
    $2000 4
the Mosquito Coast

Andrew
    $2000 20
the Mooch (or Anthony Scaramucci)

Carl
    $2000 25
(Andrew: Who is Hunter?)
(Alex: Not enough.)

Hunter S. Thompson

AndrewDoug
    $2000 28
(Andrew: Who is Marsalis?)

Miles Davis

Andrew
Triple Stumper
    $2000 16
the Pleiades

Andrew
    $2000 14
Twice-Told Tales

Carl

Scores at the end of the Double Jeopardy! Round:

Andrew Carl Doug
$4,600 $15,400 $18,000

[wagering suggestions for these scores]

Final Jeopardy! Round responses

WORLD LITERATURE
(Alex: [To Doug] Leo Tolstoy's great novel.)
AndrewWhat is Jane Eyre?
$0
CarlWhat is Emma?
$2,601
DougWhat is The Scarlet Letter?
$2,000
Anna Karenina

Final scores:

Andrew Carl Doug
$4,600 $12,799 $16,000
3rd place: $1,000 2nd place: $2,000 New champion: $16,000

Game dynamics:

Coryat scores:

Andrew Carl Doug
$4,600 $13,600 $17,200
16 R,
4 W
14 R
(including 1 DD),
0 W
20 R
(including 1 DD),
2 W
(including 1 DD)

Combined Coryat: $35,400

The J! Archive is created by fans, for fans. The Jeopardy! game show and all elements thereof, including but not limited to copyright and trademark thereto, are the property of Jeopardy Productions, Inc. and are protected under law. This website is not affiliated with, sponsored by, or operated by Jeopardy Productions, Inc. Join the discussion at JBoard.tv.